Silný tromf - dobré meno v zahraničí

Generálny riaditeľ divízie devízových vzťahov Všeobecnej úverovej banky Ing. Jozef Gális o doterajších výsledkoch a najbližších zámeroch. Devízové úvery najmä na proexportne orientované projekty. Informácie pre klientov o tuzemských a zahraničných firmách. Nepretržitý proces postupného zrýchľovania...

Ausführliche Beschreibung

Gespeichert in:
Bibliographische Detailangaben
1. Verfasser: Gális, J.
Weitere Verfasser: Kuchta, R.
Format: Buchkapitel
Sprache:Slowakisch
Schlagworte:
Tags: Tag hinzufügen
Keine Tags, Fügen Sie das erste Tag hinzu!

MARC

LEADER 00000naa a2200000 4500
001 r022495
005 20230801104344.5
041 0 |a slo 
044 |a SK 
245 1 0 |a Silný tromf - dobré meno v zahraničí  |c J. Gális, R. Kuchta 
520 |a Generálny riaditeľ divízie devízových vzťahov Všeobecnej úverovej banky Ing. Jozef Gális o doterajších výsledkoch a najbližších zámeroch. Devízové úvery najmä na proexportne orientované projekty. Informácie pre klientov o tuzemských a zahraničných firmách. Nepretržitý proces postupného zrýchľovania platobného styku so zahraničím. 
610 2 0 |a Slovensko 
610 2 0 |a 1990-1996 
610 2 0 |a banky obchodné 
610 2 0 |a VÚB, a.s. Bratislava 
610 2 0 |a vzťahy devízovo-finančné 
610 2 0 |a úver devízový 
610 2 0 |a styk platobný medzinárodný 
100 1 |a Gális, J. 
700 1 |a Kuchta, R.